Small time operator : (Record no. 20247)
[ view plain ]
| 000 -LEADER | |
|---|---|
| fixed length control field | 00957cam a22002415a 4500 |
| 001 - CONTROL NUMBER | |
| control field | 17516781 |
| 005 - DATE AND TIME OF LATEST TRANSACTION | |
| control field | 20201128021416.0 |
| 008 - FIXED-LENGTH DATA ELEMENTS--GENERAL INFORMATION | |
| fixed length control field | 121102t2013 mdua fr 001 0 eng d |
| 020 ## - INTERNATIONAL STANDARD BOOK NUMBER | |
| International Standard Book Number | 9781589797994 |
| 040 ## - CATALOGING SOURCE | |
| Original cataloging agency | DLC |
| Language of cataloging | eng |
| Transcribing agency | DLC |
| Modifying agency | DLC |
| -- | EG-ScBUE |
| 082 04 - DEWEY DECIMAL CLASSIFICATION NUMBER | |
| Classification number | 658.022 |
| Edition number | 22 |
| Item number | KAM |
| 100 1# - MAIN ENTRY--PERSONAL NAME | |
| Personal name | Kamoroff, Bernard. |
| 9 (RLIN) | 38965 |
| 245 10 - TITLE STATEMENT | |
| Title | Small time operator : |
| Remainder of title | how to start your own business, keep your books, pay your taxes, and stay out of trouble / |
| Statement of responsibility, etc | Bernard B. Kamoroff. |
| 250 ## - EDITION STATEMENT | |
| Edition statement | 13th ed. |
| 260 ## - PUBLICATION, DISTRIBUTION, ETC. (IMPRINT) | |
| Place of publication, distribution, etc | Lanham : |
| Name of publisher, distributor, etc | Taylor Trade Publishing, |
| Date of publication, distribution, etc | c.2013. |
| 300 ## - PHYSICAL DESCRIPTION | |
| Extent | xix, 229 p. : |
| Other physical details | ill. ; |
| Dimensions | 28 cm. |
| 500 ## - GENERAL NOTE | |
| General note | Index : p. 215-228. |
| 505 0# - FORMATTED CONTENTS NOTE | |
| Formatted contents note | Preface: be your own boss -- Getting started -- Bookkeeping -- Growing up -- Taxes -- Home business -- Your business -- Appendix the ledgers -- Index -- About the author. |
| 650 #7 - SUBJECT ADDED ENTRY--TOPICAL TERM | |
| Topical term or geographic name as entry element | New business enterprises. |
| Source of heading or term | BUEsh |
| 9 (RLIN) | 239 |
| 651 ## - SUBJECT ADDED ENTRY--GEOGRAPHIC NAME | |
| Source of heading or term | BUEsh |
| 653 ## - INDEX TERM--UNCONTROLLED | |
| Resource For college | BAEPS, Business Administration |
| Arrived date list | July2015 |
| -- | January2016 |
| 942 ## - ADDED ENTRY ELEMENTS (KOHA) | |
| Source of classification or shelving scheme | Dewey Decimal Classification |
| Withdrawn status | Lost status | Source of classification or shelving scheme | Damaged status | Not for loan | Koha collection | Home library | Current library | Shelving location | Date acquired | Source of acquisition | Cost, normal purchase price | Serial Enumeration / chronology | Total Checkouts | Total Renewals | Full call number | Barcode | Date last seen | Date last borrowed | Cost, replacement price | Koha item type |
|---|---|---|---|---|---|---|---|---|---|---|---|---|---|---|---|---|---|---|---|---|
| Dewey Decimal Classification | Baccah | Central Library | Central Library | First floor | 06/07/2015 | Purchase | 118.00 | 23125 | 1 | 5 | 658.022 KAM | 000039294 | 15/07/2025 | 30/03/2016 | 148.00 | Book - Borrowing |